<?xml version="1.0" encoding="UTF-8"?>
<record
    xmlns:xsi="http://www.w3.org/2001/XMLSchema-instance"
    xsi:schemaLocation="http://www.loc.gov/MARC21/slim http://www.loc.gov/standards/marcxml/schema/MARC21slim.xsd"
    xmlns="http://www.loc.gov/MARC21/slim">

  <leader>04417cam a22004574i 4500</leader>
  <controlfield tag="003">PE-LiUPU</controlfield>
  <controlfield tag="005">20250731183350.0</controlfield>
  <controlfield tag="008">131017s2013    sp a    r     001 0 spa d</controlfield>
  <datafield tag="020" ind1=" " ind2=" ">
    <subfield code="a">8492970677</subfield>
    <subfield code="q"> Volumen 3</subfield>
  </datafield>
  <datafield tag="020" ind1=" " ind2=" ">
    <subfield code="a">9788492970674</subfield>
    <subfield code="q">Volumen 3</subfield>
  </datafield>
  <datafield tag="035" ind1=" " ind2=" ">
    <subfield code="a">(Sirsi) i9788492970674</subfield>
  </datafield>
  <datafield tag="040" ind1=" " ind2=" ">
    <subfield code="a">PE-LiUPU</subfield>
    <subfield code="b">spa</subfield>
    <subfield code="c">PE-LiUPU</subfield>
    <subfield code="e">rda</subfield>
  </datafield>
  <datafield tag="082" ind1=" " ind2=" ">
    <subfield code="a">721</subfield>
    <subfield code="b">A71</subfield>
    <subfield code="2">20</subfield>
  </datafield>
  <datafield tag="100" ind1="1" ind2=" ">
    <subfield code="a">Arg&#xFC;elles Alvarez, Ram&#xF3;n.,</subfield>
    <subfield code="e">autor</subfield>
  </datafield>
  <datafield tag="245" ind1="1" ind2="0">
    <subfield code="a">Estructuras de acero :</subfield>
    <subfield code="b">Vigas mixtas de edificaci&#xF3;n /</subfield>
    <subfield code="c">Ram&#xF3;n Arg&#xFC;elles &#xC1;lvarez, Jorge Fern&#xE1;ndez-Lavandera, Ram&#xF3;n Arg&#xFC;elles Bustillo.</subfield>
  </datafield>
  <datafield tag="250" ind1=" " ind2=" ">
    <subfield code="a">1a Edici&#xF3;n 2014.</subfield>
  </datafield>
  <datafield tag="264" ind1=" " ind2=" ">
    <subfield code="a">Madrid :</subfield>
    <subfield code="b">Bellisco,</subfield>
    <subfield code="c">2014.</subfield>
  </datafield>
  <datafield tag="300" ind1=" " ind2=" ">
    <subfield code="a">paginaci&#xF3;n variada :</subfield>
    <subfield code="b">ilustraciones ;</subfield>
    <subfield code="c">24 cent&#xED;metros.</subfield>
  </datafield>
  <datafield tag="336" ind1=" " ind2=" ">
    <subfield code="a">text</subfield>
    <subfield code="2">rdacontent</subfield>
  </datafield>
  <datafield tag="337" ind1=" " ind2=" ">
    <subfield code="a">unmediated</subfield>
    <subfield code="2">rdamedia</subfield>
  </datafield>
  <datafield tag="338" ind1=" " ind2=" ">
    <subfield code="a">volume</subfield>
    <subfield code="2">rdacarrier</subfield>
  </datafield>
  <datafield tag="504" ind1=" " ind2=" ">
    <subfield code="a">Bibliograf&#xED;a al final de cada capitulo.</subfield>
  </datafield>
  <datafield tag="505" ind1=" " ind2=" ">
    <subfield code="a">Introducci&#xF3;n -- Generalidades -- El apeo -- Alcance del texto -- Vigas isost&#xE1;ticas e hipersest&#xE1;ticas -- Normativa -- Caracteristicas de los materiales -- Introducci&#xF3;n -- Acero estructural -- Acero para armadura pasiva -- Hormig&#xF3;n estructural -- Conectadores de perno con cabeza -- Chapas nervadas para losas mixtas -- M&#xE9;todos de c&#xE1;lculo -- Introduccion -- Clasificaci&#xF3;n de la secci&#xF3;n met&#xE1;lica -- An&#xE1;lisis lineal el&#xE1;stico -- An&#xE1;lisis r&#xED;gido pl&#xE1;stico -- An&#xE1;lisis lineal el&#xE1;stico con redistribuci&#xF3;n de esfuerzos -- Ancho eficaz del ala de hormig&#xF3;n -- Secciones cr&#xED;ticas -- Estado limite &#xFA;ltimo: Resistencia transversal -- Introducci&#xF3;n -- M&#xE1;xima resistencia r&#xED;gido-pl&#xE1;stica -- Momento resistente pl&#xE1;stico con conexi&#xF3;n parcial -- Resistencia el&#xE1;stica a flexi&#xF3;n -- Resistencia a esfuerzo cortante e interacci&#xF3;n con la flexi&#xF3;n -- Pandeo lateral en vigas de edificaci&#xF3;n -- Otras comprobaciones -- Estado limite &#xFA;ltimo: Resistencia longitudinal -- Introducci&#xF3;n -- Resistencia de los pernos con cabeza -- Limitaci&#xF3;n del uso de la conexi&#xF3;n parcial en vigas de edificaci&#xF3;n -- Detalles constructivos de la conexi&#xF3;n -- Valor del c&#xE1;lculo del rasante -- Rasante en el ala de hormig&#xF3;n -- Detalles constructivos del armado de la losa -- Ejemplo de c&#xE1;lculo de viga isost&#xE1;tica en estado limite &#xFA;ltimo -- Estados l&#xED;mite de servicio -- Introducci&#xF3;n -- Tensiones -- Deformaciones -- Vibraciones -- Fisuraci&#xF3;n -- Vigas continuas -- Introducci&#xF3;n -- C&#xE1;lculo rigido plastico en ELU -- C&#xE1;lculo en ELU por redistribuci&#xF3;n de momentos -- Pandeo lateral -- ELU longitudinal -- ELS de deformaci&#xF3;n -- Anexo -- Bases teoricas -- Introducci&#xF3;n -- Esfuerzo rasante -- Esfuerzos distribuidos -- Deformaciones y esfuerzos -- Relaciones entre esfuerzos -- Estado sin conexion frente al rasante -- Estado sin deslizamiento -- Estado con deslizamiento por conexion flexible -- La secci&#xF3;n homogeneizada -- Efecto de la conexion sobre la pieza sin rasante y deformaciones impuestas -- Retracci&#xF3;n en una viga biapoyada -- Ejemplo -- Complementos referentes al hormig&#xF3;n -- Introducci&#xF3;n -- Fluencia del hormig&#xF3;n -- Retraccion del hormig&#xF3;n -- Hormigones ligeros -- Contribucion en rigidez del hormig&#xF3;n fisurado -- Pandeo lateral -- Introducci&#xF3;n -- Momento reducio por el pandeo lateral --Rigidez del p&#xF3;rtico en U -- Procedimientos del anterior EC-4 -- Ejemplo -- Conectores y rasante en alas de hormig&#xF3;n -- Introducci&#xF3;n -- Otros conectadores -- Rasante en alas de hormig&#xF3;n -- Efecto del deslizamiento -- Introducci&#xF3;n -- C&#xE1;lculos exactos -- Procedimiento anal&#xED;tico simplificado -- Retracci&#xF3;n -- Modelos num&#xE9;ricos -- Ejemplo.</subfield>
  </datafield>
  <datafield tag="526" ind1=" " ind2=" ">
    <subfield code="a">P158</subfield>
  </datafield>
  <datafield tag="526" ind1=" " ind2=" ">
    <subfield code="a">P146</subfield>
  </datafield>
  <datafield tag="526" ind1=" " ind2=" ">
    <subfield code="a">P17</subfield>
  </datafield>
  <datafield tag="526" ind1=" " ind2=" ">
    <subfield code="a">P12</subfield>
  </datafield>
  <datafield tag="526" ind1=" " ind2=" ">
    <subfield code="a">P06</subfield>
  </datafield>
  <datafield tag="541" ind1=" " ind2=" ">
    <subfield code="g">044-0022573;</subfield>
  </datafield>
  <datafield tag="650" ind1="0" ind2="4">
    <subfield code="a">Acero.</subfield>
  </datafield>
  <datafield tag="650" ind1="0" ind2="4">
    <subfield code="a">Construcci&#xF3;n met&#xE1;lica.</subfield>
  </datafield>
  <datafield tag="650" ind1="0" ind2="4">
    <subfield code="a">Estructuras</subfield>
    <subfield code="x">Dise&#xF1;o.</subfield>
  </datafield>
  <datafield tag="650" ind1="0" ind2="4">
    <subfield code="a">Vigas.</subfield>
  </datafield>
  <datafield tag="700" ind1="1" ind2=" ">
    <subfield code="a">Arg&#xFC;elles Bustillo, Ram&#xF3;n,</subfield>
    <subfield code="e">autor.</subfield>
  </datafield>
  <datafield tag="700" ind1="1" ind2=" ">
    <subfield code="a">Fern&#xE1;ndez-Lavandera, Jorge,</subfield>
    <subfield code="e">autor.</subfield>
  </datafield>
  <datafield tag="910" ind1=" " ind2=" ">
    <subfield code="a">jck</subfield>
    <subfield code="b"></subfield>
    <subfield code="c">ebj</subfield>
    <subfield code="d">20160713</subfield>
  </datafield>
  <datafield tag="942" ind1=" " ind2=" ">
    <subfield code="2">ddc</subfield>
    <subfield code="c">BOOK</subfield>
  </datafield>
  <datafield tag="949" ind1=" " ind2=" ">
    <subfield code="a">721 A71</subfield>
    <subfield code="w">DEWEY</subfield>
    <subfield code="c">1</subfield>
    <subfield code="i">72704</subfield>
    <subfield code="d">2016-9-22</subfield>
    <subfield code="e">2016-9-21</subfield>
    <subfield code="l">CCODEBUL1</subfield>
    <subfield code="m">BUL</subfield>
    <subfield code="n">1</subfield>
    <subfield code="p">45.00</subfield>
    <subfield code="r">0</subfield>
    <subfield code="s">Y</subfield>
    <subfield code="t">BOOK</subfield>
    <subfield code="u">2016-4-14</subfield>
    <subfield code="x">INGENIERIA</subfield>
    <subfield code="P">P25</subfield>
    <subfield code="0">COMPRA</subfield>
    <subfield code="o">.STAFF. Colecci&#xF3;n General</subfield>
  </datafield>
  <datafield tag="596" ind1=" " ind2=" ">
    <subfield code="a">1</subfield>
  </datafield>
  <datafield tag="999" ind1=" " ind2=" ">
    <subfield code="a">721 A71</subfield>
    <subfield code="w">DEWEY</subfield>
    <subfield code="c">11131</subfield>
    <subfield code="i">72704</subfield>
    <subfield code="d">11131</subfield>
    <subfield code="e">2017-8-21</subfield>
    <subfield code="f">2021-11-9</subfield>
    <subfield code="g">6</subfield>
    <subfield code="l">CCODEBUL1</subfield>
    <subfield code="m">BUL</subfield>
    <subfield code="n">2</subfield>
    <subfield code="p">45.00</subfield>
    <subfield code="q">2</subfield>
    <subfield code="r">0</subfield>
    <subfield code="s">Y</subfield>
    <subfield code="t">BOOK</subfield>
    <subfield code="u">2016-4-14</subfield>
    <subfield code="x">INGENIERIA</subfield>
    <subfield code="P">P25</subfield>
    <subfield code="0">COMPRA</subfield>
    <subfield code="o">.STAFF. Colecci&#xF3;n General</subfield>
  </datafield>
  <datafield tag="980" ind1=" " ind2=" ">
    <subfield code="8">1</subfield>
    <subfield code="g">ALBERTO SANCHEZ Responsable de Automatizaci&#xF3;n</subfield>
  </datafield>
  <datafield tag="952" ind1=" " ind2=" ">
    <subfield code="r">2025-12-03 00:00:00</subfield>
    <subfield code="i">7</subfield>
    <subfield code="l">2</subfield>
    <subfield code="o">721 A71</subfield>
    <subfield code="p">72704</subfield>
    <subfield code="s">2017-08-21</subfield>
    <subfield code="t">e1</subfield>
    <subfield code="v">50.00</subfield>
    <subfield code="w">2016-04-14</subfield>
    <subfield code="x">FIA</subfield>
    <subfield code="y">BK</subfield>
    <subfield code="z">inventario-2023-12-13</subfield>
    <subfield code="1">0</subfield>
    <subfield code="2">ddc</subfield>
    <subfield code="5">0</subfield>
    <subfield code="7">0</subfield>
    <subfield code="8">GEN</subfield>
    <subfield code="f">P25</subfield>
    <subfield code="a">BUL</subfield>
    <subfield code="b">BUL</subfield>
    <subfield code="c">GEN</subfield>
    <subfield code="d">2016-04-14</subfield>
    <subfield code="e">COMPRA</subfield>
    <subfield code="g">45.00</subfield>
  </datafield>
</record>
